|
|
|
|
| LEADER |
00000nam0a2200000 4500 |
| 001 |
155428 |
| 005 |
20231031152433.0 |
| 010 |
|
|
|a 5229007230
|
| 020 |
|
|
|a RU
|b 91-58045
|
| 035 |
|
|
|a (RuTPU)RU\TPU\book\168605
|
| 090 |
|
|
|a 155428
|
| 100 |
|
|
|a 20090314d1991 m a0rusy5003 ca
|
| 101 |
0 |
|
|a rus
|
| 102 |
|
|
|a RU
|
| 105 |
|
|
|a a j 001zy
|
| 200 |
1 |
|
|a Строение и свойства металлических расплавов
|e учебное пособие для вузов
|f Г. Н. Еланский
|
| 210 |
|
|
|a Москва
|c Металлургия
|d 1991
|
| 215 |
|
|
|a 160 с.
|c ил.
|d 22 см
|
| 320 |
|
|
|a Библиогр.: с. 160. (28 назв.)
|
| 610 |
1 |
|
|a металлы жидкие
|
| 610 |
1 |
|
|a физико-химические свойства
|
| 610 |
1 |
|
|a структура
|
| 610 |
1 |
|
|a учебные пособия
|
| 610 |
1 |
|
|a газообразные вещества
|
| 610 |
1 |
|
|a кристаллические тела
|
| 610 |
1 |
|
|a плавление
|
| 610 |
1 |
|
|a строение
|
| 610 |
1 |
|
|a свойства
|
| 610 |
1 |
|
|a аморфные сплавы
|
| 675 |
|
|
|a 669-154(075.8)
|z rus
|
| 700 |
|
1 |
|a Еланский
|b Г. Н.
|g Геннадий Николаевич
|4 070
|
| 801 |
|
1 |
|a RU
|b 63413507
|c 20090314
|g PSBO
|
| 801 |
|
2 |
|a RU
|b 63413507
|c 20091224
|g PSBO
|
| 942 |
|
|
|c BK
|